UITU Library & LRC     

Digital Signal Processing: using DSP toolbox & blocksets in matlab computer laboratory practical work book Include Ti TMS C 6713 DSK (Record no. 10217)

MARC details
000 -LEADER
fixed length control field 00562nam a2200181Ia 4500
008 - FIXED-LENGTH DATA ELEMENTS--GENERAL INFORMATION
fixed length control field 240925s9999 xx 000 0 und d
020 ## - INTERNATIONAL STANDARD BOOK NUMBER
International Standard Book Number NA
082 ## - DEWEY DECIMAL CLASSIFICATION NUMBER
Classification number 621.3822 HAS
100 ## - MAIN ENTRY--PERSONAL NAME
Personal name Hasnain , S.K
245 #0 - TITLE STATEMENT
Title Digital Signal Processing: using DSP toolbox & blocksets in matlab computer laboratory practical work book Include Ti TMS C 6713 DSK
250 ## - EDITION STATEMENT
Edition statement 2nd
260 ## - PUBLICATION, DISTRIBUTION, ETC.
Place of publication, distribution, etc. Karachi:
Name of publisher, distributor, etc. Royal Books
Date of publication, distribution, etc. ,2009.
300 ## - PHYSICAL DESCRIPTION
Extent xviii,1136p.
Other physical details N.A
Type of unit Photocopy
500 ## - GENERAL NOTE
General note Includes Index
600 ## - SUBJECT ADDED ENTRY--PERSONAL NAME
Personal name Electronic Engineering
650 ## - SUBJECT ADDED ENTRY--TOPICAL TERM
Topical term or geographic name entry element Technology
942 ## - ADDED ENTRY ELEMENTS (KOHA)
Koha item type Books
Holdings
Withdrawn status Lost status Damaged status Not for loan Collection Home library Current library Date acquired Source of acquisition Cost, normal purchase price Total checkouts Full call number Barcode Date last seen Price effective from Koha item type
        Electrical Engineering UITU Library UITU Library 02/03/2009 Royal Book Company 625.00   621.3822 HAS Q7718 09/25/2024 09/25/2024 Books

Powered by Koha